[Event "Negros Open 2017"]
[Site "Bacolod City"]
[Date "2017.10.16"]
[Round "6"]
[White "Tran, Tuan Minh"]
[Black "Garma, Chito"]
[Result "0-1"]
[WhiteElo "2558"]
[BlackElo "2327"]
[Annotator "TA"]
[PlyCount "93"]
[EventDate "2017.??.??"]
[EventType "swiss"]
[EventCountry "PHI"]
[SourceTitle "playchess.com"]
[Source "ChessBase"]
[SourceQuality "1"]

{[%evp 11,93,13,10,0,11,8,18,-17,-14,-14,-20,-35,-14,-36,-35,-35,0,-39,-16,-33,-36,-40,-42,-69,-73,-76,-61,-75,-81,-72,-70,-124,-103,-216,-218,-234,-239,-212,-193,-256,-240,-266,-182,-268,-146,-223,-160,-152,-135,-139,-144,-201,-201,-189,-185,-254,-217,-258,-246,-285,-256,-323,-317,-375,-416,-429,-433,-415,-428,-422,-425,-451,-406,-572,-572,-798,-661,-1383,-1262,-1285,-1157,-1460,-1452,-1289]} 1. d4 d5 2. c4 c6 3. Nf3 Nf6 4. Qc2 g6 5. Bf4 Bg7 6. e3 O-O 7. Nbd2 {D11: Slav Defence: 3 Nf3 sidelines and 3...Nf6 4 e3 Bg4} (7. Nc3 Na6 8. Be2 Bf5 9. Qb3 Qb6 10. Qxb6 axb6 11. cxd5 Nxd5 12. Nxd5 cxd5 13. Kd2 Rfc8 14. Rhc1 Nc5 15. Ke1 Na4 16. b3 {0-1 (60) Postny,E (2569)-Saric,I (2662) Mali Losinj 2017}) 7... Nh5 8. Be5 f6 $146 ({Predecessor:} 8... Nd7 9. Bxg7 Nxg7 10. Be2 dxc4 11. Nxc4 e6 12. O-O Qe7 13. Rac1 Rd8 14. Rfd1 Nb6 {1-0 (43) Rashkovsky,N (2530)-Gretarsson,H (2365) Gausdal 1993}) 9. Bg3 {The position is equal.} Nxg3 10. hxg3 e5 11. Be2 Be6 12. Nb3 Nd7 13. Rc1 Qe7 14. O-O Nb6 15. Na5 e4 16. Nd2 f5 {[%cal Bf6f5,Bf5f4][%mdl 32]} 17. Ndb3 g5 {[%cal Bg6g5,Bg5g4][%mdl 32]} 18. Nc5 Bc8 $1 19. cxd5 cxd5 20. Qd2 f4 21. Qd1 {[#]} (21. Bh5 $15) 21... Qf6 $1 $17 22. Bh5 {[#]} (22. f3 $17) 22... g4 $1 $19 {[%mdl 512]} 23. gxf4 (23. Bxg4 fxg3) 23... Qh4 24. Nxe4 {Ng3 is the strong threat.} Qxh5 ({Much less strong is} 24... dxe4 25. Rc5 $17) 25. Ng3 (25. Rc5 $142) 25... Qf7 26. Rc5 Be6 {[%cal Bc8e6,Be6d5,Bd5e4,Be4d3][%mdl 32]} 27. Qd3 (27. Qc2 {might work better.}) 27... Rac8 (27... Rae8 $19 28. Rfc1 Re7) 28. Rfc1 (28. f5 $17 Bxf5 29. Nxf5 Qxf5 30. Qxf5 Rxf5 31. Rxc8+ Nxc8 32. Nxb7) 28... Nc4 29. Rxc8 Rxc8 ({But not} 29... Bxc8 $6 30. Nxc4 dxc4 31. Rxc4 $11) 30. Nxc4 dxc4 31. Qe4 (31. Qa3 $17) 31... Bd5 32. Qc2 Re8 33. Ne2 (33. e4 $142 Bc6 34. d5) 33... Be4 34. Qa4 Bd3 35. Ng3 {[%cal Be2g3,Bg3h5,Bh5f6][%mdl 32]} h5 {[%cal Bh7h5,Bh5h4][%mdl 32]} 36. Qa5 h4 37. Nh5 Bh6 38. Qd5 Qxd5 39. Nf6+ Kf7 40. Nxd5 Bf8 41. a3 b5 42. Nc7 (42. g3 {was called for.} h3 43. Nc3) 42... Rb8 {Black is clearly winning.} 43. f3 g3 44. e4 b4 45. axb4 Rxb4 46. e5 Rxb2 47. Nd5 {Precision: White = 27%, Black = 73%.} 0-1

[Event "Negros Open 2017"]
[Site "Bacolod City"]
[Date "2017.10.16"]
[Round "6"]
[White "Antonio, Rogelio Jr"]
[Black "Narayanan, Srinath"]
[Result "1/2-1/2"]
[WhiteElo "2365"]
[BlackElo "2511"]
[Annotator "TA"]
[PlyCount "99"]
[EventDate "2017.??.??"]
[EventType "swiss"]
[EventCountry "PHI"]
[SourceTitle "playchess.com"]
[Source "ChessBase"]
[SourceQuality "1"]

{[%evp 12,99,7,0,29,27,29,34,29,22,27,30,57,24,95,90,212,196,218,220,210,200,197,152,153,141,150,134,177,132,132,135,117,121,132,116,117,0,-8,-2,-2,0,0,-10,-7,-7,-7,-8,9,7,15,-8,8,0,0,0,12,12,12,0,0,0,0,0,0,0,0,0,0,0,0,0,0,0,0,0,0,0,0,0,0,0,0,0,0,0,0,0,0,0]} 1. e4 c5 2. Nf3 d6 3. Bb5+ Nd7 4. d4 cxd4 5. Qxd4 a6 6. Bxd7+ Bxd7 7. Nc3 Rc8 {B51: Sicilian: Moscow Variation (3 Bb5+) without 3...Bd7} (7... e5 8. Qd3 h6 9. Nd2 Be6 10. Nc4 Rc8 11. Ne3 Nf6 12. O-O Be7 13. Rd1 O-O 14. Bd2 Rc5 15. a4 Qc8 {½-½ (31) Anand,V (2783)-Kasparov,G (2812) Saint Louis 2017}) 8. e5 dxe5 9. Nxe5 f6 {White is slightly better.} 10. Nxd7 Qxd7 11. Qxd7+ Kxd7 12. Be3 $36 {[%mdl 2048] Black is under pressure.} e6 $146 (12... e5 $11) ({Predecessor:} 12... e5 13. O-O-O+ Ke6 14. f4 Bb4 15. Nd5 {½-½ (45) Sekanina,J (2117)-Kapusta,P (2172) Czechia 2011}) 13. O-O-O+ $1 $16 Kc6 (13... Ke8 $16) 14. Rd3 $18 Ne7 15. Rhd1 Nf5 {[#]} 16. Ne4 $1 Bb4 17. a3 Nxe3 18. fxe3 ({Don't do} 18. Rxe3 Be7 $16) 18... Be7 {[#]} 19. Nd6 $1 Rc7 20. Rc3+ Kb6 {aiming for ...Rxc3.} 21. Rb3+ Ka7 {[#]} 22. Rxb7+ $1 {[%mdl 512]} Rxb7 23. Nxb7 Bxa3 $16 {[%mdl 4096] Endgame KRB-KRN} 24. Rd7 ({White should play} 24. Rd8 $16 Rxd8 25. Nxd8) 24... Bxb2+ $1 $11 {The position is equal.} 25. Kb1 {Nd8+ is the strong threat.} Bc3 26. Nd8+ Kb6 27. Rb7+ Kc5 28. Nxe6+ Kd5 29. Nxg7 Ke4 30. Re7+ Be5 31. Ne8 Rf8 32. g4 h6 33. h4 a5 34. Ka2 Kxe3 35. Nxf6 Rxf6 36. Rxe5+ {KR-KR} Kd2 $1 37. Rf5 (37. Rxa5 Kxc2 38. Ra4 Rb6) 37... Rc6 38. Rf2+ Ke3 39. Rh2 (39. Rf5 {is more complex.} Rxc2+ 40. Kb3 Rg2 41. g5 hxg5 42. Rxg5 Rh2 43. Rh5) 39... Kf4 40. g5 hxg5 41. hxg5 Kxg5 42. Rf2 Rf6 43. Rd2 Kf4 44. Kb3 {Black must now prevent Rf2+.} Ke3 45. Rd5 Rb6+ 46. Kc4 Rc6+ 47. Kb3 a4+ 48. Kb2 a3+ 49. Kb3 a2 50. Ra5 {Precision: White = 68%, Black = 66%.} 1/2-1/2

[Event "Negros Open 2017"]
[Site "Bacolod City"]
[Date "2017.10.16"]
[Round "6"]
[White "Salubre, Jayson"]
[Black "Dableo, Ronald"]
[Result "0-1"]
[WhiteElo "2282"]
[BlackElo "2419"]
[Annotator "TA"]
[PlyCount "114"]
[EventDate "2017.??.??"]
[EventType "swiss"]
[EventCountry "PHI"]
[SourceTitle "playchess.com"]
[Source "ChessBase"]
[SourceQuality "1"]

{[%evp 18,114,47,44,66,65,64,50,56,39,58,36,66,70,66,70,68,55,60,41,75,48,76,84,84,84,77,55,77,67,67,-58,52,52,58,50,73,0,0,0,0,-6,-6,-10,-7,-9,-8,-14,-12,-13,-13,-14,-13,-47,-27,-41,-33,-47,-30,-34,-31,-47,-40,-39,-14,-79,-79,-79,-79,-79,-79,-79,-79,-96,-99,-99,-79,-386,-220,-210,0,-243,-137,-147,-157,-177,-175,-225,-218,-215,-209,-1008,-1656,-1412,-1341,-29992,-29993,-29994,-29995]} 1. e4 g6 2. Nc3 Bg7 3. d4 c6 4. Nf3 d5 5. h3 dxe4 6. Nxe4 Nd7 7. Bc4 Ngf6 8. Nxf6+ Nxf6 9. O-O O-O 10. c3 Nd5 {B15: Caro-Kann: 3 Nc3: 3...g6 and 3...dxe4 4 Nxe4 Nf6 5 Nxf6+ exf6} (10... b5 11. Bb3 Bb7 12. Re1 Qc7 13. Qe2 e6 14. Ne5 Rad8 15. Bf4 Qb6 16. Nd3 a5 17. a3 Rfe8 18. Nc5 {½-½ (53) Safarli,E (2653)-Ding,L (2711) Antalya 2013}) 11. Re1 Re8 12. Bg5 Be6 {White should prevent ...Nxc3.White is slightly better.} 13. Bb3 a5 14. a4 Qd6 $146 ({Predecessor:} 14... Qc7 15. Qd2 Rad8 16. Rad1 b5 17. Ra1 Qb6 18. Bh6 Bf6 19. axb5 cxb5 20. Bc2 Nc7 21. Ne5 a4 22. Qe3 Bd5 23. f4 {1-0 (23) Bergamini,L (1800)-Eglseder,G (2363) ICCF email 2003}) 15. Bh4 f6 16. Bg3 Qd7 17. Nd2 Bf7 18. Nc4 h5 19. Ne3 Bh6 20. Nxd5 Bxd5 21. Bc2 Bf7 22. Qf3 Kg7 23. Qe4 Rad8 24. Re2 ({White should try} 24. Qe2 $14) 24... Qd5 (24... e5 $1 $15 25. dxe5 f5) 25. Bc7 $14 Qxe4 26. Rxe4 Bd5 27. Bxd8 (27. Re2 $16 Ra8 28. b3) 27... Bxe4 $11 28. Bxe4 Rxd8 $16 {[%mdl 4096] Endgame KRB-KRB} 29. Kf1 h4 30. Rd1 Bf4 31. Ke2 f5 32. Bc2 Kf6 33. Bb3 Bd6 34. Kf3 Rb8 35. c4 Rd8 36. Ke2 b6 37. Rd3 Rh8 38. Bd1 e6 {[%cal Be7e6,Be6e5,Be5e4][%mdl 32]} 39. Rb3 Rb8 40. Rd3 c5 41. dxc5 (41. d5 $11) 41... Bxc5 $17 42. Rd7 e5 43. Bc2 Re8 44. b3 Kg5 45. Kf3 e4+ 46. Ke2 Kf4 47. Rg7 $2 {[%mdl 8192]} (47. Kf1 $17 {is tougher.}) 47... Re6 (47... e3 $142 48. f3 Rd8) 48. Rd7 $19 {[#]} Re8 $2 ({Better is} 48... e3 $1 $19 {[%cal Re3f2]} 49. fxe3+ Rxe3+ 50. Kf1 Rc3) 49. Rd1 $2 {[#]} (49. Rg7 $1 $11) 49... g5 (49... e3 $1 $19 {[%cal Re3f2]} 50. fxe3+ Rxe3+ 51. Kf1 Rc3) 50. Rg1 Rh8 51. Rd1 g4 52. Rd5 g3 53. fxg3+ hxg3 {[%cal Bh4g3,Bg3g2][%mdl 32]} 54. Bb1 $2 {[#]} (54. Kf1) 54... Rxh3 $1 {[%mdl 512]} 55. gxh3 g2 56. Rxf5+ Kxf5 57. Bxe4+ Kxe4 {Precision: White = 31%, Black = 56%.} 0-1

[Event "Negros Open 2017"]
[Site "Bacolod City"]
[Date "2017.10.16"]
[Round "6"]
[White "Montoya, Edsel"]
[Black "Short, Nigel D"]
[Result "0-1"]
[WhiteElo "2262"]
[BlackElo "2698"]
[Annotator "TA"]
[PlyCount "99"]
[EventDate "2017.??.??"]
[EventType "swiss"]
[EventCountry "PHI"]
[SourceTitle "playchess.com"]
[Source "ChessBase"]
[SourceQuality "1"]

{[%evp 9,99,15,27,27,24,29,37,24,23,25,20,12,45,23,24,1,23,10,13,-23,-14,-27,0,-9,-4,-21,-27,-36,-18,-39,-39,-28,-20,-85,-64,-68,0,0,0,0,0,-22,0,0,-4,-45,-49,-54,-31,-29,0,-26,-23,-29,-29,-33,-34,-39,6,16,20,25,11,0,0,0,0,0,0,0,0,0,0,0,0,0,0,0,0,0,0,0,0,-355,-355,-499,-544,-1365,-1340,-29982,-29982,-29999]} 1. c4 b6 2. Nf3 Bb7 3. d4 e6 4. g3 Bb4+ 5. Bd2 Bxf3 6. exf3 {A40: Unusual replies to 1 d4} Bxd2+ 7. Nxd2 ({Much weaker is} 7. Kxd2 Nc6 $15) 7... Nf6 8. f4 {White is slightly better.} Nc6 9. Nf3 O-O $146 ({Predecessor:} 9... Ne7 10. Bg2 O-O 11. O-O c6 12. Rc1 Rb8 13. Ne5 {0-1 (39) Yermolinsky,A (2560)-Speelman,J (2620) Hastings 1996}) 10. Be2 d5 11. Qa4 Ne7 12. c5 bxc5 13. dxc5 a5 {[%cal Ba7a5,Ba5a4][%mdl 32]} 14. Ne5 Qb8 15. Nd3 Qb7 16. O-O Rfb8 17. Rac1 Qb5 18. Qd1 a4 19. Re1 Qa5 20. Bf1 Nc6 21. f3 (21. Re3 $11 {remains equal.}) 21... g6 22. Qe2 $1 Nh5 (22... Nd7 $15) 23. Qf2 $11 Ng7 24. g4 Rb7 25. Rc3 Qa7 26. Ra3 Qb8 27. Bh3 Qd8 28. Bf1 Rbb8 29. Qd2 h5 30. h3 Qf6 31. Ne5 Nxe5 32. fxe5 Qh4 33. Re2 $1 f5 {[%cal Rh5g4]} 34. Rg2 Kh7 ({Wrong is} 34... Qxh3 $2 35. Qg5 $18) 35. f4 Qe7 36. Qd4 fxg4 37. hxg4 hxg4 38. Rxg4 {[#] Black must now prevent Rh3+.} Nf5 39. Qf2 $1 Rh8 40. Bd3 Kg7 41. Bxf5 exf5 42. Rg5 Rh6 43. Qd4 c6 44. b4 Kf8 45. Kg2 Qh7 {[#] aiming for ...Rh2+.} 46. Rag3 $2 {[%mdl 8192]} (46. e6 $11) 46... Rh2+ $19 47. Kf1 (47. Kg1 $142 Rxa2 48. Rg2 Rxg2+ 49. Rxg2) 47... Rxa2 48. Rg1 Qh3+ 49. Ke1 Qf3 {[%csl Ga2][%cal Rf3e2]} 50. Rxg6 {Precision: White = 45%, Black = 65%.} 0-1

[Event "Negros Open 2017"]
[Site "Bacolod City"]
[Date "2017.10.17"]
[Round "7"]
[White "Short, Nigel D"]
[Black "Mangao, Danmaersk"]
[Result "1-0"]
[WhiteElo "2698"]
[BlackElo "2146"]
[Annotator "TA"]
[PlyCount "46"]
[EventDate "2017.??.??"]
[EventType "swiss"]
[EventCountry "PHI"]
[SourceTitle "playchess.com"]
[Source "ChessBase"]
[SourceQuality "1"]

{[%evp 9,46,27,37,14,72,62,64,64,78,75,82,40,38,34,60,17,15,20,145,126,116,114,216,167,385,381,352,342,736,716,726,708,700,545,2106,2056,3350,3063,3110]} 1. d4 Nf6 2. Nf3 g6 3. Bg5 Bg7 4. Nbd2 b6 5. e4 {[%cal Be2e4,Be4e5][%mdl 32]} (5. e3 c5 6. c3 O-O 7. a4 d6 8. a5 bxa5 9. dxc5 dxc5 10. Qa4 Be6 11. Qxa5 Nbd7 12. Bc4 Bxc4 13. Qxd8 Rfxd8 14. Nxc4 Nb6 {½-½ (31) Mikac,M (2398)-Volf,Z (2180) Murska Sobota 2008}) 5... Bb7 6. e5 {A48: 1 d4 Nf6 2 Nf3 g6: Torre, London and Colle Systems} Ne4 (6... Nd5 $11 {keeps the balance.}) 7. Nxe4 $16 Bxe4 8. Bd3 $146 {White is slightly better.} ({Predecessor:} 8. Bc4 O-O 9. O-O d6 10. exd6 cxd6 11. Re1 Qc7 12. Rxe4 Qxc4 13. Rxe7 {1-0 (56) Bartha,S (2240)-Toth Gergye,G Hungary 1995}) 8... Bxd3 9. Qxd3 d5 10. O-O-O Nc6 11. h4 {[%cal Bh2h4,Bh4h5,Bh5g6,Bg6f7][%mdl 32]} h6 $1 {[%cal Rh6g5]} 12. h5 hxg5 13. hxg6 Kd7 (13... e6 $11 {remains equal.}) 14. gxf7 e6 {[#] Hoping for ...g4.} 15. Qg6 $40 {[%mdl 128] White attacks with force.} Qf8 (15... Rxh1 $16 16. Rxh1 Bf8) 16. Nxg5 $18 Nd8 $2 (16... Nxd4 {was necessary.} 17. Rh7 (17. Rxh8 Qxh8 18. Rxd4 Qh6 $16) 17... Bh6 18. Rxh8 Bxg5+ 19. Qxg5 Ne2+ 20. Kd2 Qxh8) 17. f4 {[%cal Bf2f4,Bf4g5,Bg5g6,Bg6g7][%mdl 32]} Bh6 {Black wants to play ...Bxg5.} 18. Rdf1 Bxg5 $2 {[#]} (18... Rc8 19. Nh7 Qxf7 20. Qxh6 Kc6) 19. Rxh8 {White is clearly winning.} Qxh8 20. fxg5 Nc6 21. Qf6 Qh5 22. g6 Nxd4 23. g7 Qh7 {Precision: White = 78%, Black = 32%.} 1-0

[Event "Negros Open 2017"]
[Site "Bacolod City"]
[Date "2017.10.17"]
[Round "7"]
[White "Nguyen, Duc Hoa"]
[Black "Montoya, Edsel"]
[Result "1-0"]
[WhiteElo "2499"]
[BlackElo "2262"]
[Annotator "TA"]
[PlyCount "115"]
[EventDate "2017.??.??"]
[EventType "swiss"]
[EventCountry "PHI"]
[SourceTitle "playchess.com"]
[Source "ChessBase"]
[SourceQuality "1"]

{[%evp 10,115,10,8,16,0,31,0,0,-7,0,0,0,-67,-70,-62,-17,-16,0,0,0,0,0,0,0,1,0,0,64,75,106,83,104,100,95,97,100,97,93,89,89,61,61,61,67,59,70,78,67,73,94,70,100,46,78,72,90,107,107,83,82,83,81,9,54,26,95,83,88,11,25,0,0,-15,-12,-11,0,0,0,0,9,9,54,50,50,64,60,54,68,8,29972,29973,29973,29971,29970,29969,29978,29979,29982,29983,29983,29984,29984,29985,29985,29986,29987,29987]} 1. e4 e5 2. Nf3 Nc6 3. d4 exd4 4. Nxd4 Bc5 5. Nxc6 bxc6 6. Bd3 d6 {C45: Scotch Game} 7. Qe2 (7. h3 Ne7 8. Nc3 Ng6 9. Na4 Bd4 10. c3 Bf6 11. O-O Ne5 12. Be2 O-O 13. f4 Nd7 14. Qc2 {1-0 (40) Nepomniachtchi,I (2725)-Ding,L (2778) Danzhou 2016}) 7... Qf6 8. Nd2 $146 ({Predecessor:} 8. Nc3 Ne7 9. O-O Ng6 10. Be3 Bxe3 11. Qxe3 Ne5 12. f4 Ng4 13. Qg3 Qd4+ 14. Kh1 {1-0 (25) Rajlich,I (2380)-Sosnowska,E (2040) Warsaw 1999}) 8... Ne7 {[%cal Bg8e7,Be7g6,Bg6e5][%mdl 32] The position is equal.} 9. Nb3 Bb6 10. a4 a5 11. Qf3 ({Better is} 11. O-O $11) 11... Qxf3 $15 12. gxf3 Ng6 13. Be3 O-O 14. O-O-O Be6 15. Nd4 Bd7 16. Rhg1 Kh8 17. Rg3 Ne5 18. Be2 f5 (18... Ng6 $11) 19. exf5 Bxd4 20. Bxd4 Rxf5 {[#]} 21. f4 $1 {[%mdl 512]} Ng6 (21... Rxf4 22. Bxe5) 22. Bd3 Rxf4 23. Bxg6 hxg6 24. Rxg6 Bg4 25. Rd2 Re8 $1 {[%cal Re8e1] ( -> ...Re1+)} 26. b3 Re7 27. Bc3 Kh7 28. Rg5 c5 29. Bxa5 g6 30. Bc3 Kh6 31. Rgd5 (31. h4 $16) 31... Rfe4 32. a5 Bc8 33. Kb2 Ba6 34. Bf6 {And now f3 would win.} Rf7 35. Bg5+ Kg7 36. f4 (36. c4 $16) 36... Rf8 37. Rf2 Rb4 (37... Bc8 $11) 38. h4 $16 c4 39. f5 ({White should play} 39. Rd4 $16) 39... cxb3 $11 40. f6+ Kf7 41. Bd2 Rxh4 {Hoping for ...bxc2.} 42. cxb3 Rb8 {Strongly threatening ...Bc4.} 43. Rg5 Rh3 44. b4 c5 45. Rd5 Ke6 {[#]} 46. Rxd6+ $1 {[%mdl 512]} Kxd6 47. Bf4+ Ke6 48. Bxb8 $14 {[%mdl 4096] Endgame KRB-KRB} Rh7 49. Rd2 (49. Bd6 $14) 49... Rd7 $2 {[%mdl 8192]} (49... Rb7 $11 50. Rd6+ Kf7) 50. Rxd7 {White mates.} Kxd7 51. bxc5 {[%cal Bb4c5,Bc5c6][%mdl 32] KB-KB} Ke6 {[#]} 52. Be5 $1 g5 53. c6 g4 54. Kc3 g3 55. Bxg3 Kxf6 56. Kd4 Ke6 57. Kc5 Bc8 58. Bh2 {Precision: White = 58%, Black = 39%.} 1-0

[Event "Negros Open 2017"]
[Site "Bacolod City"]
[Date "2017.10.17"]
[Round "7"]
[White "Dableo, Ronald"]
[Black "Antonio, Rogelio Jr"]
[Result "0-1"]
[WhiteElo "2419"]
[BlackElo "2365"]
[Annotator "TA"]
[PlyCount "44"]
[EventDate "2017.??.??"]
[EventType "swiss"]
[EventCountry "PHI"]
[SourceTitle "playchess.com"]
[Source "ChessBase"]
[SourceQuality "1"]

{[%evp 17,44,25,24,25,22,6,25,15,33,27,41,20,22,0,0,-32,-48,-104,-99,-108,-111,-555,-551,-533,-543,-535,-529,-675,-664]} 1. b3 e5 2. Bb2 Nc6 3. e3 Nf6 4. c4 g6 5. Nf3 d6 6. d4 exd4 7. Nxd4 Ne5 8. Nc3 Bg7 9. Be2 O-O 10. e4 $146 {E60: King's Indian: Unusual lines and Fianchetto Variation without Nc3} ({Predecessor:} 10. O-O Re8 11. h3 c6 12. Qc2 Qc7 13. e4 Ned7 14. Rfe1 Nc5 15. Bf1 a5 16. Rad1 Bd7 17. Bc1 Rad8 {0-1 (47) Sokolowski,R (2115)-Malaniuk,V (2473) Lazy 2011}) 10... Re8 11. O-O Ned7 {[%cal Be5d7,Bd7c5,Bc5e6,Be6f4][%mdl 32]} 12. f3 {White has an edge.} Nc5 13. Qd2 a5 14. Rab1 c6 15. a3 Qb6 16. Ba1 Ne6 17. Na4 {[#]} (17. Rfd1 $15) 17... Nxe4 $1 $17 {[%mdl 512]} 18. Nxb6 (18. fxe4 Bxd4+) 18... Nxd2 19. Nf5 $2 {[%mdl 8192]} (19. Nxe6 $17 {was the crucial defense.} Rxe6 20. Nxa8 Nxb1 21. Bxg7 Kxg7 22. Kf2) 19... gxf5 $19 {Black is clearly winning.} 20. Nxa8 Nf4 21. Bxg7 Kxg7 22. Rbe1 Rxe2 {Precision: White = 24%, Black = 48%.} 0-1

[Event "Negros Open 2017"]
[Site "Bacolod City"]
[Date "2017.10.17"]
[Round "7"]
[White "Garma, Chito"]
[Black "Tran, Minh Thang"]
[Result "0-1"]
[WhiteElo "2327"]
[BlackElo "2352"]
[Annotator "TA"]
[PlyCount "85"]
[EventDate "2017.??.??"]
[EventType "swiss"]
[EventCountry "PHI"]
[SourceTitle "playchess.com"]
[Source "ChessBase"]
[SourceQuality "1"]

{[%evp 18,85,0,0,0,0,0,0,4,-8,0,0,0,-29,-33,-33,-3,-27,-26,-27,7,-31,-17,-54,-56,-64,-51,-56,-56,-56,-62,-57,-47,-61,-58,-87,-79,-98,-101,-140,-152,-139,-183,-446,-390,-375,-368,-368,-368,-565,-557,-570,-566,-546,-531,-728,-835,-705,-676,-1823,-1695,-1596,-1623,-5089,-5081,-29981,-29982,-29982,-29980,-29979]} 1. e4 c5 2. Nf3 e6 3. c4 Nc6 4. d4 cxd4 5. Nxd4 Nf6 6. Nc3 Bb4 7. Nxc6 dxc6 8. Qxd8+ Kxd8 9. Bd2 e5 10. O-O-O Bd7 {B44: Sicilian: Taimanov: 5 Nb5} 11. f3 Bc5 12. Na4 $146 {[%cal Bc3a4,Ba4b2,Bb2d3][%mdl 32]} ({Predecessor:} 12. Bd3 Kc7 13. Rhe1 Rhd8 14. Be3 Bxe3+ 15. Rxe3 Be6 16. b3 a5 17. Bc2 Rxd1+ 18. Kxd1 {0-1 (38) Andrade,J (2282)-Postny,E (2598) Evora 2007}) 12... Bf2 {The position is equal.} 13. Bb4 b6 14. Bc3 Re8 15. b4 c5 16. bxc5 {Strongly threatening c6.} Kc7 17. Nb2 bxc5 18. Ba5+ Kb7 19. Bc3 Rab8 20. Nd3 Be3+ 21. Kb2 Ba4 $36 {[%mdl 2048] Black fights for an advantage.} 22. Re1 Bd4 23. Bxd4 cxd4 24. Ka3 Bc6 $1 25. Rb1+ Kc7 26. Rxb8 Rxb8 27. Nxe5 Rb1 28. g3 {[#]} Nxe4 $1 {[%mdl 512]} 29. fxe4 Bxe4 30. Rg1 $2 {[#]} (30. Bg2 Rxh1 31. Bxh1 Bxh1 32. Nxf7) 30... d3 $1 $19 {[%cal Rd3d2][%mdl 512]} 31. Bxd3 (31. Nxd3 Bxd3) 31... Rxg1 32. Bxe4 Re1 33. Nxf7 (33. Bxh7 $142 Rxe5 34. Bg8) 33... Rxe4 {[%mdl 4096] Endgame KR-KN} 34. Ng5 Re3+ 35. Kb4 h6 {[%cal Bh7h6,Bh6h5,Bh5h4,Bh4h3][%mdl 32]} 36. Nh3 g5 37. Nf2 Re2 38. Ng4 h5 39. Nf6 Rxh2 40. Ne4 h4 41. g4 h3 42. Nxg5 Rb2+ 43. Ka3 {Precision: White = 34%, Black = 86%.} 0-1

[Event "Negros Open 2017"]
[Site "Bacolod City"]
[Date "2017.10.18"]
[Round "8"]
[White "Tran, Tuan Minh"]
[Black "Narayanan, Srinath"]
[Result "0-1"]
[WhiteElo "2558"]
[BlackElo "2511"]
[Annotator "TA"]
[PlyCount "124"]
[EventDate "2017.??.??"]
[EventType "swiss"]
[EventCountry "PHI"]
[SourceTitle "playchess.com"]
[Source "ChessBase"]
[SourceQuality "1"]

{[%evp 18,124,12,12,29,19,39,35,34,31,21,26,41,25,24,0,12,-26,-19,-20,-9,-16,0,0,22,0,17,6,9,-59,-66,-89,-98,-76,-99,-99,-63,-96,-93,-98,-58,-63,-31,-104,-104,-137,-129,-132,-136,-133,-129,-157,-157,-158,-150,-150,-143,-143,-143,-156,-148,-137,-131,-185,-181,-221,-210,-205,-172,-154,-158,-283,-268,-469,-239,-234,-238,-574,-603,-590,-584,-566,-574,-430,-484,-460,-417,-1650,-1168,-985,-820,-7931,-7248,-5685,-5689,-12832,-12832,-12827,-6631,-29987,-29988,-29988,-29989,-29989,-29990,-29996,-29997,-29997,-29998]} 1. d4 Nf6 2. c4 c5 3. d5 g6 4. Nc3 Bg7 5. e4 O-O 6. Nf3 {[%cal Bg1f3,Bf3d2,Bd2f1,Bf1g3][%mdl 32]} e6 7. Nd2 d6 8. Be2 Na6 9. O-O Nc7 {E91: King's Indian: Classical: 6 Be2, unusual replies including 6...c5 and 6...Bg4} 10. Re1 {LiveBook: 4 Games} (10. a4 b6 11. f4 exd5 12. cxd5 Re8 13. Rb1 Ba6 14. Re1 Bxe2 15. Rxe2 a6 16. Nf3 b5 17. e5 dxe5 18. d6 e4 19. Ne5 Ne6 20. Be3 Nd7 {1-0 (38) Vescovi,G (2640)-Felgaer,R (2618) Santos 2005}) 10... Rb8 11. a4 Na6 $146 {The position is equal.} ({Predecessor:} 11... e5 12. Nf1 Nfe8 13. g4 Qh4 14. Nb5 Nxb5 15. axb5 Nf6 16. f3 h5 17. Ng3 hxg4 {½-½ (42) Viglundsson,B (2185)-Kristinsson,B (2180) Reykjavik 2016}) 12. Nf1 exd5 13. exd5 Nb4 14. Bf4 a6 15. Qd2 Qc7 16. Ng3 Nd7 17. Bh6 Bxh6 18. Qxh6 f5 {Threatens to win with ...Nc2.} 19. Qd2 Ne5 20. f4 Nf7 21. Bf1 Qd8 22. a5 Bd7 23. Na2 (23. Nh1 $11) 23... Qxa5 $15 24. Nxb4 Qxb4 25. Qxb4 cxb4 26. Re7 Rbd8 27. Re3 {[#]} Ra8 $1 28. Ne2 a5 29. Nd4 b6 30. Re7 (30. Ne6 $1 $15) 30... Rad8 $17 31. Bd3 Rfe8 32. Rae1 Kf8 33. Rxe8+ Rxe8 34. Rxe8+ Kxe8 {[%mdl 4096] Endgame KBN-KBN} 35. b3 Nd8 36. Kf2 Nb7 37. Bc2 Nc5 38. Ke3 Kd8 39. g3 Kc7 40. Bd1 (40. Nf3 $17) 40... Kb7 $19 41. Kd2 Ka6 42. Be2 a4 43. bxa4 Bxa4 44. Ne6 (44. g4 $17 fxg4 45. f5) 44... Ka5 45. Kc1 $2 (45. Nd8 {was necessary.}) 45... Bd7 (45... b3 $142 46. Kb2 Kb4) 46. Nd4 b3 47. Kb2 $2 (47. Nc6+ Bxc6 48. dxc6) 47... Kb4 48. Nc6+ Bxc6 $1 49. dxc6 {KB-KN} Na4+ 50. Kc1 {And now c7 would win.} b2+ 51. Kc2 {[#] c7 is the strong threat.} ({Avoid the trap} 51. Kb1 $2 Ka3) 51... Ka3 $1 {[%cal Ra3a2] Strongly threatening ...Ka2.} 52. Bd3 (52. c7 $142 Ka2 53. Kd2) 52... Ka2 53. Kd2 Nc5 54. c7 Nxd3 55. c8=Q b1=Q 56. Qa6+ Kb3 57. Qxb6+ Nb4 58. Qxd6 Qc2+ {Black mates.} 59. Ke3 Qe4+ 60. Kd2 Qg2+ 61. Ke3 Nc2+ 62. Kd3 Qe4+ {Precision: White = 35%, Black = 72%.} 0-1